000 00458nam a22001577a 4500
005 20251108171906.0
008 250721s9999 xx 000 0 ara d
082 1 4 _aط/923/فخر
245 1 0 _aالأمير فخر الدين /
264 1 _aبيروت :
_bمنشورات المكتب العالمي،
300 _a31ص
490 0 _aحكايات و بطولات إسلامية
650 1 7 _aأدب الأطفال
942 _2ddc
_cBK
999 _c65308
_d65308